[Event "CZE-chT2b 0607"]
[Site "Czech Republic"]
[Date "2006.10.15"]
[Round "1"]
[White "Toman, Jaroslav"]
[Black "Popper, Tomas"]
[Result "1-0"]
[WhiteElo "2150"]
[BlackElo "2025"]
[PlyCount "65"]
[EventDate "2006.10.15"]
[EventType "team"]
[EventRounds "11"]
[EventCountry "CZE"]
[SourceTitle "EXT 2009"]
[Source "ChessBase"]
[SourceDate "2008.11.26"]
[SourceVersion "1"]
[SourceVersionDate "2008.11.26"]
[SourceQuality "1"]

1. e4 e5 2. Nf3 d6 3. d4 exd4 4. Nxd4 Nf6 5. Nc3 c6 6. a4 Be7 7. Bc4 0-0 8. Ba2 Re8 9. 0-0 Bf8 10. Bg5 h6 11. Bxf6 Qxf6 12. Qd2 a6 13. f4 d5 14. e5 Qd8 15. Nce2 c5 16. Nf3 Be6 17. Rad1 c4 18. Kh1 Nc6 19. c3 Qa5 20. Qc2 g6 21. Ng3 Ne7 22. Nd4 Bd7 23. Qf2 Qb6 24. Bb1 a5 25. Qc2 f5 26. exf6 Qxf6 27. f5 gxf5 28. Ndxf5 Nxf5 29. Nxf5 Bxf5 30. Rxf5 Qe7 31. Rdf1 Qe4 32. Qf2 Qg4 33. Rg5+ 1-0